000 00295nam a22001457a 4500
003 SGT
082 _a612
_bH75B
100 _aBABSKY, E.
245 _aHUMAN PHYSIOLOGY
250 _a2ND
260 _aMOSCOW
_bMIR PUB
_c1975
300 _a418
650 _aHUMAN PHYSIOLOGY
942 _2ddc
_cRARE
999 _c29372
_d29372